000 01144cam a2200373 4500
001 43967
003 DO-SdBNP
005 20171211140409.0
007 43967
008 081209s2008 sp a | |||| 000 f spa
015 _aMON0903
017 _b
020 _a9788420422503
035 _a
040 _aBPMSU
_bspa
_cBPMSU
_e
080 _a
082 4 _aM863.44
_bF954r
100 1 _aFuentes, Carlos,
_d1928-2012.
245 1 3 _aLa región más transparente /
_cCarlos Fuentes ; texto revisado por el autor de esta edición.
_h
250 _aEd. conmemorativa
260 0 _aMéxico, D.F. :
_bReal Academia Española,
_c2008.
300 _alxvii, 671 p.
_b retr.
_c22 cm.
500 _a"Edición conmemorativa"
500 _aIncluye índice
504 _aBibliografía: p. 603-618.
650 4 _aNOVELA MEXICANA
650 4 _aLITERATURA MEXICANA
710 2 2 _aAsociación de Academias de la Lengua Española
710 2 2 _aREAL ACADEMIA ESPAÑOLA
910 _aValidado. Control de calidad MFF
942 _2ddc
_cBK
945 _aInventariado extranjero / 2017 VM
956 _a VMATEO
_b10
_c20160825
_dBPMSU
_f00069
999 _c11182
_d11182